Catálogo público

Documentos para la historia de la encomienda de Tonatico / (Record no. 106464)

MARC details
000 -CABECERA
campo de control de longitud fija 00924nam a2200289 a 4500
001 - NÚMERO DE CONTROL
campo de control 000110002
003 - IDENTIFICADOR DEL NÚMERO DE CONTROL
campo de control CHAP
005 - FECHA Y HORA DE LA ÚLTIMA TRANSACCIÓN
campo de control 20220329144113.0
008 - DATOS DE LONGITUD FIJA--INFORMACIÓN GENERAL
campo de control de longitud fija 140619s2012 mx a |r| |||1|||spa d
010 ## - NÚMERO DE CONTROL DE LA BIBLIOTECA DEL CONGRESO
Número de control de LC 106464
011 ## - ENLACE DEL NUMERO DE CONTROL DE LA BIBLIOTECA DEL CONGRESO [OBSOLETO]
Número de control de LC 107436
020 ## - NÚMERO INTERNACIONAL ESTÁNDAR DEL LIBRO
Número Internacional Estándar del Libro 9706077761372
040 ## - FUENTE DE LA CATALOGACIÓN
Centro/agencia transcriptor CHAP
082 04 - NÚMERO DE LA CLASIFICACIÓN DECIMAL DEWEY
Número de clasificación 972.7252
Número de documento/Ítem J37
100 00 - ENTRADA PRINCIPAL--NOMBRE DE PERSONA
Nombre de persona Jarquín Ortega, María Teresa.
9 (RLIN) 61188
245 10 - MENCIÓN DE TÍTULO
Título Documentos para la historia de la encomienda de Tonatico /
Mención de responsabilidad, etc. por María Teresa Jarquín Ortega.
260 ## - PUBLICACIÓN, DISTRIBUCIÓN, ETC.
Lugar de publicación, distribución, etc. Zinacantepec, Edo. de Méx. :
Nombre del editor, distribuidor, etc. El Colegio Mexiquense, A.C.,
Fecha de publicación, distribución, etc. 2012.
300 ## - DESCRIPCIÓN FÍSICA
Extensión 101 p. :
Otras características físicas il.
490 1# - MENCIÓN DE SERIE
Mención de serie Fuentes para la historia del Estado de México
Designación de volumen o secuencia 11
590 ## - NOTA LOCAL (RLIN)
Nota local E6096MTM
Procedencia (VM) [OBSOLETO] 05
Condición del los carretes individuales (VM) [OBSOLETO] 20140619
-- UCH01
-- 1120
650 14 - PUNTO DE ACCESO ADICIONAL DE MATERIA--TÉRMINO DE MATERIA
Término de materia o nombre geográfico como elemento de entrada Documentación.
9 (RLIN) 33172
650 14 - PUNTO DE ACCESO ADICIONAL DE MATERIA--TÉRMINO DE MATERIA
Término de materia o nombre geográfico como elemento de entrada México (Edo.)
Subdivisión general Historia.
9 (RLIN) 76831
830 #0 - PUNTO DE ACCESO ADICIONAL DE SERIE-TÍTULO UNIFORME
Título uniforme Fuentes para la historia del Estado de México
Designación de volumen o secuencia 11
9 (RLIN) 43886
901 ## - ELEMENTOS DE DATOS A LOCAL LDA (RLIN)
a BK
942 ## - ELEMENTOS DE PUNTO DE ACCESO ADICIONAL (KOHA)
Tipo de ítem Koha Libro
942 ## - ELEMENTOS DE PUNTO DE ACCESO ADICIONAL (KOHA)
Suprimir en OPAC 0
Holdings
Estado de retiro Estado de pérdida Fuente del sistema de clasificación o colocación Estado dañado Restricciones de uso No para préstamo Código de colección Localización permanente Ubicación/localización actual Ubicación en estantería Fecha de adquisición Información codificada de la localización en otra ubicación Total de préstamos Signatura topográfica completa Código de barras Fecha visto por última vez Precio válido a partir de Tipo de ítem Koha
    Dewey Decimal Classification   Préstamo 15 días   General Biblioteca Central Biblioteca Central Planta principal - Colección General 19/06/2014 LIBRO   972.7252 J37 33724002367751 31/12/2019 31/12/2019 Libro